Statystyki dla Cały alfabet w 30 sekund (x2)

Kliknij tutaj aby rozwiązać quiz!

Ogólne statystyki

  • Ten quiz został rozwiązany 8 967 razy
  • Średni wynik to 22 z 52

Statystyki odpowiedzi

Odpowiedź% Poprawnych
A
100%
B
98%
C
98%
D
98%
E
97%
F
97%
G
97%
H
96%
I
96%
J
96%
K
95%
L
95%
M
93%
N
92%
O
91%
P
89%
Q
49%
R
48%
S
47%
T
46%
U
42%
V
29%
W
26%
X
22%
Y
21%
Z
21%
A
16%
B
15%
C
14%
D
14%
E
14%
F
13%
G
13%
H
13%
I
12%
J
12%
K
12%
L
11%
M
11%
N
11%
O
11%
P
10%
Q
9%
R
9%
S
9%
T
9%
U
8%
V
7%
W
7%
X
6%
Y
6%
Z
6%

Rozkład punktacji

Percentyl według liczby udzielonych odpowiedzi

Procent ludzi z każdym wynikiem

Twoja historia wyników

Nie rozwiązałeś tego quizu